00385nam a2200121Ia 4500008004100000245012400041260001700165260000900182300000800191650002300199650001200222856002900234170516s9999 xx 000 0 und d 4aThe Efficient Synthesis and Biological Evaluation of Novel Bi-Functionalized Sarcophagine for 64Cu Radiopharmaceuticals bTheranostics c2012 a2:6 xMedical Technology xMedtech uhttp://www.thno.org/v2i6